000 00690nam a2200205 i 4500
001 164650
003 ES-MaACL
005 20230906212957.0
008 050803s1856 fr | |||||||| ||fre d
040 _aCAM
_bspa
_cCAM
100 1 _aSand, George,
_d1804-1876
_9103060
245 1 0 _aConsuelo /
_cpar George Sand.
250 _aNouvelle éd.
260 _aParis :
_bMichel Lévy frères :
_bJ. Hetzel et c\pie\s,
_c1856 (
_fTyp. de M\pme\s V\pe\s Dondey-Dupré)
300 _a3 v. ;
_c18 cm.
490 1 _aOeuvres de George Sand
830 0 _aOeuvres de George Sand
_9188465
852 _aES-MaACL
_jG-14540(2)
_z-- Enc. hol.
_q-- Sólo t.II (359 p.)
999 _c164650
_d164650